000 00503nam a2200169 i 4500
001 50788
003 ES-MaACL
005 20230906162234.0
007 t|
008 030806s1961 ag ||||1| spa d
100 1 _aChamales, Tom T.
_937839
245 1 0 _aCuando hierve la sangre /
_cpor Tom T. Chamales ; traducción de J. Ferrer Aleu.
260 _aBuenos Aires :
_bPlaza & Janés,
_c[1961]
300 _a651 p. ;
_c25 cm.
700 1 _aFerrer Aleu, J.
_950442
852 _aES-MaACL
_jC-19805
_bR.47468
999 _c50788
_d50788